ნორმალური ფორმატი
MARC ფორმატი
ჩანაწერი Personal Name
ჩანაწერთა რაოდენობა, რომელიც გამოყენებულია: 1
001 - CONTROL NUMBER
- control field: 17214
003 - CONTROL NUMBER IDENTIFIER
- control field: GE_BSU
005 - DATE AND TIME OF LATEST TRANSACTION
- control field: 20230316115457.0
008 - FIXED-LENGTH DATA ELEMENTS
- fixed length control field: 230316|| aca||aabn | a|a d
040 ## - CATALOGING SOURCE
- Original cataloging agency: GE_BSU
- Transcribing agency: GE_BSU
100 ## - HEADING--PERSONAL NAME
- Personal name: გოგელია,კ. ქიქავა,თ.
670 ## - SOURCE DATA FOUND
- Source citation: Work cat.: (GE_BSU): გოგელია,კ. ქიქავა,თ., მეთოდური მითითებები საკურსო პროდუქტებისა და პრაქტიკული ამოცანების შესასრულებლად რკინაბეტონის და ქვის კონსტრუქციებში. ნ.1.
